| 000 | 00504nam a22001937a 4500 | ||
|---|---|---|---|
| 003 | MPLRDC | ||
| 005 | 20220104123720.0 | ||
| 008 | 210129b ||||| |||| 00| 0 eng d | ||
| 020 | _a962-660-016-2 | ||
| 082 | _a523.12 NARR | ||
| 100 | _aBRUCE NARRAMORE | ||
| 245 |
_a为什么儿童会有不良行为? _c白添成、胡美华合译 |
||
| 250 | _a四刷 | ||
| 260 |
_a _b大光书房 _c1991 |
||
| 300 | _b平 | ||
| 490 | _a学龄儿童教育 | ||
| 650 | _a儿童心理 | ||
| 942 |
_cBK _o523.12 NARR |
||
| 999 |
_c13625 _d13615 |
||